00366nam a2200121Ia 4500008004100000040001500041041001200056082001900068100002100087245007700108260004200185300001700227230917s9999||||xx |||||||||||||| ||und|| e7012aMAIN aEnglish a320.50954 S29L aShay, Theodore L 0aLegacy of the Lokamanya: The political philosophy of Bal Gangadhar Tilak aLondonbOxford University Pressc1956 axiii, 215 p.